000 01041 a2200217 4500
003 NUST
005 20221117132903.0
010 _a 72093078
020 _a0444001336
040 _cNust
082 0 0 _a515,KLA
100 1 _aKlambauer, Gabriel.
_9102866
245 1 0 _aReal analysis /
_cGabriel Klambauer
260 _aNew York,
_bAmerican Elsevier Pub. Co.
_c[1973]
300 _axi, 436 p.:
_c24 cm.
505 _aLebesgue Measure on the Real Line (Page-6), Lebesgue Measurable Functions (Page-32), The Lebesgue integral on the Real Line (Page-51), Differentiation and Absolute Continity (Page-100), Abstract Measure and Integration (Page-141), Outer Measure and Product Measure (Page-180), Topologies and Metric Spaces (Page-232), The Method and Metric Spaces (Page-232),The Method of P. J. Daniell (Page-274), The Stone Daniell Integral (Page-300), Normed Linear Spaces (Page-382).
650 0 _aIntegrals, Generalized.
_939324
650 0 _aMathematical analysis.
650 0 _aMeasure theory.
_9102867
942 _2ddc
_cBK
_k515,KLA
999 _c180941
_d180941